Normal view
MARC view
Entry Personal Name
001 - CONTROL NUMBER
- control field: 1350
003 - CONTROL NUMBER IDENTIFIER
- control field: OSt
005 - DATE AND TIME OF LATEST TRANSACTION
- control field: 20230427135302.0
008 - FIXED-LENGTH DATA ELEMENTS
- fixed length control field: 230427|| aca||aabn | a|a d
040 ## - CATALOGING SOURCE
- Original cataloging agency: OSt
- Transcribing agency: OSt
100 ## - HEADING--PERSONAL NAME
- Personal name: Dizard, Wilson Jr
670 ## - SOURCE DATA FOUND
- Source citation: Work cat.: (OSt)0: Dizard, Wilson Jr., Old media/new media: mass communications in the information age. /, 1993.
